000 01253nam a22002657a 4500
005 20170124103049.0
010 _aA-305452
020 _c21.50
035 _aA-305452
037 _bCen Lib/Ret
040 _aDPL
_bHN
082 _a
_bआरमे
245 _aआरमेनिया की लघु कहानियां /
_cसंकलन सोफी अवाकियान ; अनुवादक विभा देवसरे
246 _aAarmeniya ki laghu kahaniyan /
_bsankalan Sofi Avakiyan ; anuvadak Vibha Devsare
260 _aनयी दिल्ली
_bनेशनल बुक ट्रस्ट
_c1986
270 _bनयी दिल्ली
_a5-ए, ग्रीन पार्क
_e110055
300 _a166पृ.
_c19सेमी (सजिल्द )
650 _aआर्मेनियन साहित्य
_x
_z
_969942
650 _aआर्मेनियन साहित्य
_v
_xकहानियां
_969943
650 _aArmeniyan literature
_969944
650 _aArmeniyan literature
_xstories
_969945
700 _aअवाकियान, सोफी
_969946
700 _aदेवसरे, विभा
_969947
942 _2ddc
_cHN
_h
_mआरमे
999 _c117078
_d117078